Normal view
MARC view
Entry Topical Term
001 - CONTROL NUMBER
- control field: 2612
003 - CONTROL NUMBER IDENTIFIER
- control field: ARRUPE
005 - DATE AND TIME OF LATEST TRANSACTION
- control field: 20131022142823.0
008 - FIXED-LENGTH DATA ELEMENTS
- fixed length control field: 131022|| aca||aabn | a|a d
040 ## - CATALOGING SOURCE
- Original cataloging agency: ARRUPE
- Transcribing agency: ARRUPE
150 ## - HEADING--TOPICAL TERM
- Topical term or geographic name as entry element: Hebrew language
- General subdivision: Grammar.
670 ## - SOURCE DATA FOUND
- Source citation: Work cat.: (ARRUPE)0: Hackett, Jo Ann. 2610, A basic introduction to Biblical Hebrew, with cd /, 2010.